[Event "EWIBCC 2019"]
[Site "Monte-Carlo"]
[Date "2019.11.29"]
[Round "9.5"]
[White "Socko, Monika"]
[Black "Sebag, Marie"]
[Result "0-1"]
[WhiteElo "2417"]
[BlackElo "2443"]
[Annotator "NA RC"]
[PlyCount "48"]
[EventDate "2019.11.29"]
[EventType "swiss"]
[EventCountry "MNC"]
[SourceTitle "playchess.com"]
[Source "ChessBase"]
[SourceQuality "1"]
[TimeControl "180+2"]

1. d4 {[%emt 0:00:00]} d5 {[%emt 0:00:00]} 2. c4 {[%emt 0:00:00]} c6 {[%emt 0:00:00]} 3. Nf3 {[%emt 0:00:01]} Nf6 {[%emt 0:00:01]} 4. Nbd2 {[%emt 0:00:02]} Bf5 {[%emt 0:00:07]} 5. Nh4 {[%emt 0:00:10]} Be4 {[%emt 0:00:06]} 6. f3 {[%emt 0:00:23]} Bg6 {[%emt 0:00:02]} 7. Qb3 {[%emt 0:00:06]} Qb6 {[%emt 0:00:07]} 8. Nxg6 {[%emt 0:00:16]} hxg6 {[%emt 0:00:02]} 9. c5 {[%emt 0:00:04]} Qc7 {[%emt 0:00:14]} 10. e4 {[%emt 0:00:09]} dxe4 {[%emt 0:00:09]} 11. Nxe4 {[%emt 0:00:03]} Nxe4 {[%emt 0:00:33]} 12. fxe4 {[%emt 0:00:02]} e5 {[%emt 0:00:01]} 13. Be3 {[%emt 0:00:15]} exd4 {[%emt 0:00:14]} 14. Bxd4 {[%emt 0:00:01]} Nd7 {[%emt 0:00:02]} 15. O-O-O {[%emt 0:00:42]} Nxc5 {[%emt 0:00:12]} 16. Qc2 {[%emt 0:00:01]} Ne6 {[%emt 0:00:06]} 17. Bc4 {[%emt 0:00:09]} Nxd4 {[%emt 0:01:02]} 18. Rxd4 {[%emt 0:00:01]} Be7 {[%emt 0:00:02]} 19. Rf1 {[%emt 0:00:28]} O-O {[%emt 0:00:01]} 20. Qb3 {[%emt 0:00:14]} Bf6 {[%emt 0:00:04]} 21. Rd3 {[%emt 0:00:01]} b5 {[%emt 0:00:03]} 22. e5 {[%emt 0:00:12]} bxc4 {[%emt 0:00:02]} 23. Qxc4 {[%emt 0:00:01]} Qxe5 {[%emt 0:00:01]} 24. Kb1 {[%emt 0:00:03]} Qxb2# {[%emt 0:00:02]} 0-1

[Event "EWIBCC 2019"]
[Site "Monte-Carlo"]
[Date "2019.11.29"]
[Round "9.6"]
[White "Muzychuk, Mariya"]
[Black "Reizniece-Ozola, Dana"]
[Result "1-0"]
[WhiteElo "2552"]
[BlackElo "2305"]
[Annotator "RC"]
[PlyCount "95"]
[EventDate "2019.11.29"]
[EventType "swiss"]
[EventCountry "MNC"]
[SourceTitle "playchess.com"]
[Source "ChessBase"]
[SourceQuality "1"]
[TimeControl "180+2"]

1. e4 {[%emt 0:00:00]} c5 {[%emt 0:00:00]} 2. Nf3 {[%emt 0:00:00]} d6 {[%emt 0:00:00]} 3. d4 {[%emt 0:00:00]} cxd4 {[%emt 0:00:00]} 4. Nxd4 {[%emt 0:00:01]} Nf6 {[%emt 0:00:01]} 5. Nc3 {[%emt 0:00:01]} a6 {[%emt 0:00:01]} 6. h3 {[%emt 0:00:01]} e5 {[%emt 0:00:01]} 7. Nde2 {[%emt 0:00:08]} Be6 {[%emt 0:00:06]} 8. g4 {[%emt 0:00:07]} Be7 {[%emt 0:00:15]} 9. Bg2 {[%emt 0:00:02]} Qc7 {[%emt 0:00:09]} 10. Ng3 {[%emt 0:00:14]} h6 {[%emt 0:00:19]} 11. Nf5 {[%emt 0:00:14]} Bxf5 {[%emt 0:00:03]} 12. exf5 {[%emt 0:00:01]} Nbd7 {[%emt 0:00:10]} 13. O-O {[%emt 0:00:02]} Nb6 {[%emt 0:00:35]} 14. f4 {[%emt 0:00:04]} exf4 {[%emt 0:00:37]} 15. Bxf4 {[%emt 0:00:04]} Nc4 {[%emt 0:00:04]} 16. Nd5 {[%emt 0:00:35]} Nxd5 {[%emt 0:00:09]} 17. Qxd5 {[%emt 0:00:01]} O-O {[%emt 0:00:34]} 18. Qxb7 {[%emt 0:00:23]} Qc5+ {[%emt 0:00:01]} 19. Kh1 {[%emt 0:00:10]} Bf6 {[%emt 0:00:01]} 20. Qd5 {[%emt 0:00:08]} Rac8 {[%emt 0:00:11]} 21. Rab1 {[%emt 0:00:30]} Rfe8 {[%emt 0:00:04]} 22. Qxc5 Rxc5 {[%emt 0:00:01]} 23. b3 {[%emt 0:00:19]} Ne3 {[%emt 0:00:01]} 24. Rfe1 {[%emt 0:00:09]} Bd4 {[%emt 0:00:04]} 25. c4 {[%emt 0:00:01]} Rcc8 {[%emt 0:00:12]} 26. Bxd6 {[%emt 0:00:04]} Nxg2 {[%emt 0:00:03]} 27. Kxg2 {[%emt 0:00:01]} Red8 {[%emt 0:00:00]} 28. Bf4 {[%emt 0:00:02]} Bc3 {[%emt 0:00:02]} 29. Re2 {[%emt 0:00:06]} a5 {[%emt 0:00:03]} 30. Rc1 {[%emt 0:00:04]} Bb4 {[%emt 0:00:02]} 31. Rcc2 {[%emt 0:00:04]} Ra8 {[%emt 0:00:01]} 32. Bd2 {[%emt 0:00:03]} Bc5 {[%emt 0:00:02]} 33. Bc3 {[%emt 0:00:02]} a4 {[%emt 0:00:00]} 34. b4 {[%emt 0:00:01]} Bb6 {[%emt 0:00:01]} 35. c5 {[%emt 0:00:01]} Bc7 {[%emt 0:00:01]} 36. Be5 {[%emt 0:00:02]} Rac8 {[%emt 0:00:05]} 37. Bxc7 {[%emt 0:00:04]} Rxc7 {[%emt 0:00:00]} 38. c6 {[%emt 0:00:03]} Rb8 {[%emt 0:00:02]} 39. a3 {[%emt 0:00:02]} Rb6 {[%emt 0:00:02]} 40. Re8+ {[%emt 0:00:01]} Kh7 {[%emt 0:00:00]} 41. Ra8 {[%emt 0:00:01]} Rbxc6 {[%emt 0:00:04]} 42. Rxc6 {[%emt 0:00:02]} Rxc6 {[%emt 0:00:00]} 43. Rxa4 {[%emt 0:00:01]} Rc2+ {[%emt 0:00:02]} 44. Kg1 {[%emt 0:00:02]} Rc3 {[%emt 0:00:03]} 45. b5 {[%emt 0:00:02]} Rxh3 {[%emt 0:00:02]} 46. b6 {[%emt 0:00:02]} Rb3 {[%emt 0:00:01]} 47. Rb4 {[%emt 0:00:01]} Rxa3 {[%emt 0:00:02]} 48. b7 {[%emt 0:00:01]} 1-0

[Event "EWIBCC 2019"]
[Site "Monte-Carlo"]
[Date "2019.11.29"]
[Round "9.7"]
[White "Savina, Anastasia"]
[Black "Guichard, Pauline"]
[Result "1-0"]
[WhiteElo "2354"]
[BlackElo "2407"]
[Annotator "TA"]
[PlyCount "59"]
[EventDate "2019.11.29"]
[EventType "swiss"]
[EventCountry "MNC"]
[SourceTitle "playchess.com"]
[Source "ChessBase"]
[SourceQuality "1"]

{[%evp 19,59,4,33,10,33,25,30,22,21,25,175,174,303,143,246,282,352,275,273,249,352,355,350,252,353,187,282,224,238,260,246,226,216,129,136,125,130,150,1102,1102,5904,5891]} 1. d4 Nf6 2. c4 e6 3. Nc3 Bb4 4. e3 O-O 5. Bd3 d5 6. Nge2 c5 7. cxd5 cxd4 8. exd4 Nxd5 9. O-O Nc6 10. Nxd5 Qxd5 11. Be3 {E48: Nimzo-Indian: Rubinstein: 5 Bd3 d5 including 6 Ne2, but excluding 6 a3} (11. a3 Be7 12. Qc2 g6 13. Rd1 Bf6 14. Be4 Qd8 15. Bh6 Re8 16. d5 exd5 17. Bxd5 Qe7 18. Ng3 Be6 19. Ne4 Nd4 {0-1 (56) Tregubov,P (2585)-Inarkiev,E (2709) Doha 2016}) 11... h6 $146 ({Predecessor:} 11... Rd8 12. Nf4 Qa5 13. a3 Be7 14. Rc1 e5 15. Qh5 g6 16. Nxg6 hxg6 17. Bxg6 fxg6 18. Qxg6+ Kh8 {½-½ (78) Savina,A (2350)-Demuth,A (2538) Cap d'Agde 2017}) 12. Nf4 Qd8 13. Nh5 {White has an edge.} e5 14. d5 {Strongly threatening a3.} Nd4 {[#]} (14... Ne7 $1 $11 {and Black has nothing to worry.}) 15. f4 $1 $18 {[%cal Rf4e5]} Qh4 (15... Bc5 $142) 16. Bf2 $36 {[%mdl 2048] Black is under strong pressure.} (16. fxe5 $18 {is more deadly.} Bg4 17. Rf4 Bxd1 18. Rxh4 Bxh5 19. Bxd4 (19. Rxh5 Bc5 $18)) 16... Qg4 (16... Qd8 $16 {was worth a try.}) 17. fxe5 Bc5 18. Qxg4 Bxg4 19. Nf4 Rfe8 (19... Bb6 {is a better defense.} 20. a4 Nb3) 20. h3 Bd7 21. Rae1 Bb6 (21... Rad8 $142 22. d6 a5) 22. Kh1 (22. Re4 $142) 22... Rad8 (22... Bf5 {might work better.} 23. Bxd4 Bxd3) 23. Bc4 {e6 is the strong threat.} Bb5 24. Bxb5 Nxb5 25. Bxb6 axb6 26. e6 (26. Kh2 $18) 26... fxe6 $16 27. dxe6 Rd2 28. e7 {[#] aiming for Ng6.} Rd7 $2 (28... Nc7 $16 29. Ng6 Kh7) 29. Ng6 $18 Kh7 30. Nf8+ {[%mdl 64] Double Attack. Accuracy: White = 66%, Black = 21%.} 1-0

[Event "EWIBCC 2019"]
[Site "Monte-Carlo"]
[Date "2019.11.29"]
[Round "9.8"]
[White "Berend, Elvira"]
[Black "Zhukova, Natalia"]
[Result "0-1"]
[WhiteElo "2349"]
[BlackElo "2323"]
[Annotator "NA"]
[PlyCount "97"]
[EventDate "2019.11.29"]
[EventType "swiss"]
[EventCountry "MNC"]
[SourceTitle "playchess.com"]
[Source "ChessBase"]
[SourceQuality "1"]
[TimeControl "180+2"]

1. d4 {[%emt 0:00:00]} Nf6 {[%emt 0:00:00]} 2. c4 {[%emt 0:00:02]} c5 {[%emt 0:00:00]} 3. d5 {[%emt 0:00:02]} b5 {[%emt 0:00:01]} 4. Nf3 {[%emt 0:00:01]} g6 {[%emt 0:00:02]} 5. g3 {[%emt 0:00:04]} Bg7 {[%emt 0:00:06]} 6. Bg2 {[%emt 0:00:01]} bxc4 {[%emt 0:00:06]} 7. Nc3 {[%emt 0:00:04]} O-O {[%emt 0:00:08]} 8. O-O {[%emt 0:00:06]} d6 {[%emt 0:00:05]} 9. e4 {[%emt 0:00:03]} Nbd7 {[%emt 0:00:05]} 10. Qe2 {[%emt 0:00:13]} a5 {[%emt 0:00:19]} 11. Rd1 {[%emt 0:00:19]} Ba6 {[%emt 0:00:07]} 12. Bf4 {[%emt 0:00:15]} Ng4 {[%emt 0:00:08]} 13. Nd2 {[%emt 0:00:22]} Nge5 {[%emt 0:00:05]} 14. Rab1 {[%emt 0:00:17]} Rb8 {[%emt 0:00:10]} 15. Bg5 {[%emt 0:00:27]} h6 {[%emt 0:00:05]} 16. Be3 {[%emt 0:00:03]} Nd3 {[%emt 0:00:18]} 17. Nf1 {[%emt 0:00:20]} Kh7 {[%emt 0:00:20]} 18. h4 {[%emt 0:00:02]} Nxb2 {[%emt 0:00:25]} 19. Rxb2 {[%emt 0:00:01]} Bxc3 {[%emt 0:00:01]} 20. Rc2 {[%emt 0:00:07]} Bg7 {[%emt 0:00:02]} 21. h5 {[%emt 0:00:03]} Rb6 {[%emt 0:00:28]} 22. Qd2 {[%emt 0:00:13]} Rb2 {[%emt 0:00:22]} 23. Nh2 {[%emt 0:00:20]} c3 {[%emt 0:00:02]} 24. Qc1 {[%emt 0:00:02]} Qb6 {[%emt 0:00:12]} 25. Ng4 {[%emt 0:00:13]} Rxc2 26. Qxc2 {[%emt 0:00:00]} Qb2 {[%emt 0:00:05]} 27. Rc1 {[%emt 0:00:01]} Qxc2 {[%emt 0:00:04]} 28. Rxc2 {[%emt 0:00:01]} gxh5 {[%emt 0:00:01]} 29. Nh2 {[%emt 0:00:01]} Bd3 {[%emt 0:00:03]} 30. Rc1 {[%emt 0:00:01]} c2 {[%emt 0:00:01]} 31. Bf1 {[%emt 0:00:03]} c4 {[%emt 0:00:01]} 32. Nf3 {[%emt 0:00:02]} Bb2 {[%emt 0:00:01]} 33. Ne1 {[%emt 0:00:04]} Bxc1 34. Bxc1 Bxf1 35. Kxf1 {[%emt 0:00:01]} Nc5 {[%emt 0:00:05]} 36. Nxc2 {[%emt 0:00:03]} Nxe4 {[%emt 0:00:01]} 37. Ne3 {[%emt 0:00:03]} c3 {[%emt 0:00:02]} 38. Ke2 {[%emt 0:00:00]} Rb8 {[%emt 0:00:02]} 39. Kd3 {[%emt 0:00:01]} Nxf2+ {[%emt 0:00:02]} 40. Kxc3 {[%emt 0:00:03]} Ne4+ {[%emt 0:00:03]} 41. Kd3 {[%emt 0:00:01]} Nxg3 {[%emt 0:00:01]} 42. Bd2 {[%emt 0:00:00]} h4 {[%emt 0:00:01]} 43. Bxa5 {[%emt 0:00:06]} Ra8 {[%emt 0:00:03]} 44. Bc3 {[%emt 0:00:09]} Rxa2 {[%emt 0:00:02]} 45. Be1 {[%emt 0:00:03]} Kg6 {[%emt 0:00:02]} 46. Nc2 {[%emt 0:00:03]} f5 {[%emt 0:00:05]} 47. Nd4 {[%emt 0:00:01]} f4 {[%emt 0:00:02]} 48. Nf3 {[%emt 0:00:01]} h3 {[%emt 0:00:02]} 49. Kd4 {[%emt 0:00:10]} 0-1

[Event "EWIBCC 2019"]
[Site "Monte-Carlo"]
[Date "2019.11.29"]
[Round "9.9"]
[White "Petrova, Irina"]
[Black "Michna, Marta"]
[Result "1/2-1/2"]
[WhiteElo "2109"]
[BlackElo "2366"]
[Annotator "NA"]
[PlyCount "82"]
[EventDate "2019.11.29"]
[EventType "swiss"]
[EventCountry "MNC"]
[SourceTitle "playchess.com"]
[Source "ChessBase"]
[SourceQuality "1"]
[TimeControl "180+2"]

1. d4 {[%emt 0:00:00]} Nf6 {[%emt 0:00:00]} 2. Bg5 {[%emt 0:00:00]} e6 {[%emt 0:00:03]} 3. Nc3 {[%emt 0:00:03]} d5 {[%emt 0:00:05]} 4. e4 {[%emt 0:00:01]} Bb4 {[%emt 0:00:06]} 5. e5 {[%emt 0:00:01]} h6 {[%emt 0:00:01]} 6. Bd2 {[%emt 0:00:02]} Bxc3 {[%emt 0:00:04]} 7. bxc3 {[%emt 0:00:01]} Ne4 {[%emt 0:00:09]} 8. Qg4 {[%emt 0:00:02]} g6 {[%emt 0:00:10]} 9. Bd3 {[%emt 0:00:02]} Nxd2 {[%emt 0:00:07]} 10. Kxd2 {[%emt 0:00:01]} c5 {[%emt 0:00:09]} 11. h4 {[%emt 0:00:02]} c4 {[%emt 0:00:07]} 12. Be2 {[%emt 0:00:03]} Nc6 {[%emt 0:00:34]} 13. Rh3 {[%emt 0:00:02]} b5 {[%emt 0:00:29]} 14. a3 {[%emt 0:00:06]} Qa5 {[%emt 0:00:27]} 15. Rb1 {[%emt 0:01:06]} Bd7 {[%emt 0:00:06]} 16. Qf4 {[%emt 0:00:10]} O-O-O {[%emt 0:00:17]} 17. Nf3 {[%emt 0:00:34]} Rh7 {[%emt 0:00:08]} 18. Rhh1 {[%emt 0:00:11]} a6 {[%emt 0:00:18]} 19. a4 {[%emt 0:00:06]} b4 {[%emt 0:00:02]} 20. cxb4 {[%emt 0:00:09]} Nxb4 {[%emt 0:00:01]} 21. c3 {[%emt 0:00:01]} Nc6 {[%emt 0:00:01]} 22. Rhc1 {[%emt 0:00:04]} Qc7 {[%emt 0:00:01]} 23. Ke1 {[%emt 0:00:03]} g5 {[%emt 0:00:02]} 24. hxg5 {[%emt 0:00:03]} hxg5 {[%emt 0:00:02]} 25. Nxg5 {[%emt 0:00:02]} Rh1+ {[%emt 0:00:03]} 26. Kd2 {[%emt 0:00:02]} Rxc1 {[%emt 0:00:02]} 27. Rxc1 {[%emt 0:00:01]} Na5 {[%emt 0:00:01]} 28. Bd1 {[%emt 0:00:03]} Rg8 {[%emt 0:00:05]} 29. Nxf7 {[%emt 0:00:02]} Rxg2 {[%emt 0:00:01]} 30. Nd6+ {[%emt 0:00:02]} Kb8 {[%emt 0:00:01]} 31. Qf8+ {[%emt 0:00:04]} Ka7 {[%emt 0:00:00]} 32. Rb1 {[%emt 0:00:07]} Rh2 {[%emt 0:00:06]} 33. Qf7 {[%emt 0:00:14]} Rg2 {[%emt 0:00:01]} 34. Qf3 {[%emt 0:00:09]} Rh2 {[%emt 0:00:01]} 35. Qf7 {[%emt 0:00:03]} Rg2 {[%emt 0:00:01]} 36. Qf3 {[%emt 0:00:01]} Rh2 {[%emt 0:00:00]} 37. Qf7 {[%emt 0:00:01]} Rg2 {[%emt 0:00:01]} 38. Qf3 {[%emt 0:00:32]} Rh2 39. Qf7 {[%emt 0:00:00]} Rg2 {[%emt 0:00:01]} 40. Qf3 {[%emt 0:00:00]} Rh2 {[%emt 0:00:00]} 41. Qf7 {[%emt 0:00:00]} Rg2 {[%emt 0:00:01]} 1/2-1/2

[Event "EWIBCC 2019"]
[Site "Monte-Carlo"]
[Date "2019.11.29"]
[Round "9.10"]
[White "Paehtz, Elisabeth"]
[Black "Salimova, Nurgyul"]
[Result "1-0"]
[WhiteElo "2484"]
[BlackElo "2370"]
[Annotator "TA"]
[PlyCount "37"]
[EventDate "2019.11.29"]
[EventType "swiss"]
[EventCountry "MNC"]
[SourceTitle "playchess.com"]
[Source "ChessBase"]
[SourceQuality "1"]

{[%evp 15,37,0,0,0,56,60,56,59,56,68,54,60,52,51,2637,2595,29994,29995,29995,29996,29996,-305,29997,29998]} 1. d4 Nf6 2. Nf3 d5 3. Bf4 e6 4. e3 c5 $146 ({Predecessor:} 4... Bd6 5. Nbd2 O-O 6. Bg3 c5 7. c3 {1-0 (16) Grachev,B (2652)-Gorodetzky,D (2342) Minsk 2015}) 5. c3 Nc6 6. Nbd2 Bd6 7. Bg3 O-O 8. Bd3 b6 9. e4 {Black must now prevent e5. D02: 1 d4 d5 2 Nf3 sidelines, including 2...Nf6 3 g3 and 2...Nf6 3 Bf4} dxe4 ({Black should try} 9... Be7 $11) 10. Nxe4 $14 Nxe4 11. Bxe4 {dxc5 is the strong threat.White is slightly better.} Bb7 12. dxc5 Bxc5 13. Qa4 Rc8 14. Rd1 $36 {[%mdl 2048] White has some pressure.} Qe8 $2 {[%mdl 8192] [#]} (14... Qe7 $14) 15. Bxh7+ $1 $18 {[%mdl 512]} Kxh7 16. Qh4+ Kg6 17. Qg5+ Kh7 18. Qh5+ Kg8 {Threatens to win with ...f6.} 19. Ng5 {Accuracy: White = 100%, Black = 41%.} 1-0

[Event "EWIBCC 2019"]
[Site "Monte-Carlo"]
[Date "2019.11.29"]
[Round "9.11"]
[White "Babiy, Olga"]
[Black "Unuk, Laura"]
[Result "1-0"]
[WhiteElo "2249"]
[BlackElo "2298"]
[Annotator "NA"]
[PlyCount "41"]
[EventDate "2019.11.29"]
[EventType "swiss"]
[EventCountry "MNC"]
[SourceTitle "playchess.com"]
[Source "ChessBase"]
[SourceQuality "1"]
[TimeControl "180+2"]

1. e4 {[%emt 0:00:00]} e6 {[%emt 0:00:00]} 2. d4 {[%emt 0:00:00]} d5 {[%emt 0:00:00]} 3. Nc3 {[%emt 0:00:00]} Nf6 {[%emt 0:00:02]} 4. e5 {[%emt 0:00:00]} Nfd7 {[%emt 0:00:01]} 5. f4 {[%emt 0:00:01]} c5 {[%emt 0:00:01]} 6. Nf3 {[%emt 0:00:01]} b6 {[%emt 0:00:06]} 7. Be3 {[%emt 0:00:07]} Be7 {[%emt 0:00:02]} 8. Be2 {[%emt 0:00:06]} Ba6 {[%emt 0:00:07]} 9. O-O {[%emt 0:00:05]} Bxe2 {[%emt 0:00:03]} 10. Nxe2 {[%emt 0:00:02]} cxd4 {[%emt 0:00:11]} 11. Nexd4 {[%emt 0:00:04]} a6 {[%emt 0:00:01]} 12. Rc1 {[%emt 0:00:17]} Qc7 {[%emt 0:00:08]} 13. Qe2 {[%emt 0:00:28]} Nc6 {[%emt 0:00:06]} 14. c4 {[%emt 0:00:03]} Nxd4 {[%emt 0:00:12]} 15. Nxd4 {[%emt 0:00:09]} dxc4 {[%emt 0:00:34]} 16. Rxc4 {[%emt 0:00:02]} Qb7 {[%emt 0:00:01]} 17. Rfc1 {[%emt 0:00:16]} O-O {[%emt 0:00:02]} 18. Rc7 {[%emt 0:00:15]} Qd5 {[%emt 0:00:01]} 19. Nc6 {[%emt 0:00:08]} Bc5 {[%emt 0:00:12]} 20. Bxc5 {[%emt 0:00:08]} Nxc5 {[%emt 0:00:02]} 21. Ne7+ {[%emt 0:00:01]} 1-0

[Event "EWIBCC 2019"]
[Site "Monte-Carlo"]
[Date "2019.11.29"]
[Round "9.13"]
[White "Dornbusch, Tatiana"]
[Black "Belenkaya, Dina"]
[Result "0-1"]
[WhiteElo "2269"]
[BlackElo "2302"]
[Annotator "NA"]
[PlyCount "28"]
[EventDate "2019.11.29"]
[EventType "swiss"]
[EventCountry "MNC"]
[SourceTitle "playchess.com"]
[Source "ChessBase"]
[SourceQuality "1"]
[TimeControl "180+2"]

1. d4 {[%emt 0:00:00]} d5 {[%emt 0:00:00]} 2. c4 {[%emt 0:00:01]} dxc4 {[%emt 0:00:00]} 3. Nf3 {[%emt 0:00:02]} Nf6 {[%emt 0:00:01]} 4. e3 {[%emt 0:00:02]} e6 {[%emt 0:00:00]} 5. Bxc4 {[%emt 0:00:02]} a6 {[%emt 0:00:01]} 6. a4 {[%emt 0:00:06]} c5 {[%emt 0:00:02]} 7. O-O {[%emt 0:00:04]} Nc6 {[%emt 0:00:01]} 8. Qe2 {[%emt 0:00:03]} Qc7 {[%emt 0:00:01]} 9. Nc3 {[%emt 0:00:08]} Bd6 {[%emt 0:00:01]} 10. dxc5 {[%emt 0:00:30]} Bxc5 {[%emt 0:00:03]} 11. e4 {[%emt 0:00:04]} Ng4 {[%emt 0:00:01]} 12. h3 {[%emt 0:00:13]} Nd4 {[%emt 0:00:01]} 13. hxg4 {[%emt 0:00:35]} Nxe2+ {[%emt 0:00:02]} 14. Bxe2 {[%emt 0:00:02]} b6 {[%emt 0:00:17]} 0-1

[Event "EWIBCC 2019"]
[Site "Monte-Carlo"]
[Date "2019.11.29"]
[Round "9.14"]
[White "Chiburdanidze, Maia"]
[Black "Zaksaite, Salomeja"]
[Result "1-0"]
[WhiteElo "2500"]
[BlackElo "2202"]
[Annotator "TA"]
[PlyCount "49"]
[EventDate "2019.11.29"]
[EventType "swiss"]
[EventCountry "MNC"]
[SourceTitle "playchess.com"]
[Source "ChessBase"]
[SourceQuality "1"]

{[%evp 15,49,20,29,12,17,3,19,14,15,15,17,17,14,14,17,17,16,16,16,16,17,18,52,60,72,47,58,19,20,22,275,243,282,272,525,281]} 1. d4 Nf6 2. Nf3 g6 3. c4 Bg7 4. g3 d5 5. cxd5 Nxd5 6. Bg2 Nc6 7. O-O Nb6 8. e3 O-O 9. Bd2 {D74: Fianchetto Grünfeld: Main Line (5 Nf3 0-0 6 cxd5 Nxd5 7 0-0)} (9. Nc3 Re8 10. h3 e5 11. d5 Na5 12. Qc2 Nac4 13. e4 Bd7 14. b3 Nd6 15. a4 a5 16. Rd1 f5 17. Ng5 Qf6 18. Ne6 Bxe6 19. dxe6 Qxe6 20. exf5 Nxf5 {1-0 (36) Tomashevsky,E (2706)-Artemiev,V (2757) Izhevsk 2019}) 9... e5 10. dxe5 Nc4 $146 ({Predecessor:} 10... Qe7 11. Bc3 Rd8 12. Qb3 a5 13. Nbd2 Nxe5 14. Nxe5 Bxe5 15. Nf3 Be6 16. Qc2 Bxc3 17. Qxc3 {0-1 (35) Permyakov,E (2092)-Nevostrujev,V (2461) Kemerovo 2012}) 11. Bc3 {The position is equal.} Qxd1 12. Rxd1 N4xe5 13. Nxe5 Nxe5 14. h3 c6 15. Nd2 {[%cal Bb1d2,Bd2e4,Be4c5][%mdl 32]} Be6 16. Ne4 Rad8 17. Bb4 Rxd1+ 18. Rxd1 Rb8 19. b3 Bd5 20. Be7 f5 21. Nc5 Bxg2 22. Kxg2 {Hoping for Bd6.} Kf7 $2 {[%mdl 8192] [#]} (22... b6 $11) 23. Bd6 $18 Re8 {Black hopes to continue with ...b6.} 24. Nxb7 h6 $2 (24... Kg8 25. Bxe5 Rxe5 26. Rd8+ Bf8) 25. Bc5 {Accuracy: White = 66%, Black = 42%.} 1-0

[Event "EWIBCC 2019"]
[Site "Monte-Carlo"]
[Date "2019.11.29"]
[Round "9.15"]
[White "Solozhenkina, Elizaveta"]
[Black "Dzagnidze, Nana"]
[Result "0-1"]
[WhiteElo "2314"]
[BlackElo "2502"]
[Annotator "TA"]
[PlyCount "58"]
[EventDate "2019.11.29"]
[EventType "swiss"]
[EventCountry "MNC"]
[SourceTitle "playchess.com"]
[Source "ChessBase"]
[SourceQuality "1"]

{[%evp 16,58,24,22,25,-22,-1,-6,31,0,38,0,0,0,28,0,8,-36,21,0,43,-20,-31,-43,-34,-26,38,47,54,32,54,69,111,-14,-34,-19,0,0,0,-433,-428,-415,-391,-381,-364]} 1. e4 c5 2. Nf3 a6 3. c4 e6 4. d4 cxd4 5. Nxd4 Nf6 6. Nc3 Bb4 7. Bd3 Nc6 8. Nc2 Bxc3+ 9. bxc3 O-O {B41: Sicilian: Kan Variation: 5 c4} 10. f4 d6 11. O-O b6 $146 {The position is equal.} ({Predecessor:} 11... Qc7 12. Ne3 Na5 13. g4 b5 14. g5 Nd7 15. e5 Bb7 16. exd6 Qc6 17. Qh5 {½-½ (33) Khismatullin,D (2584)-Yegiazarian,A (2491) Voronezh 2008}) 12. Rb1 Qc7 13. Qe2 Bb7 14. Be3 Nd7 (14... b5 $5) 15. Nd4 Nc5 16. Bc2 Rac8 (16... Nxd4 $15 17. Bxd4 e5 18. Bxc5 dxc5) 17. Bf2 Ne7 18. Rb2 (18. f5 $14) 18... e5 $11 19. fxe5 dxe5 20. Nf3 f5 ({Black should try} 20... Ng6 $11) 21. exf5 $14 e4 22. Nd4 {Hoping for Bg3.} Nxf5 23. Rfb1 e3 {[#]} 24. Nxf5 (24. Be1 $1 $16 g6 25. Nxf5 (25. Rxb6 Qg7 $16) 25... gxf5 26. Qxe3 (26. Rxb6 Rce8 $11)) 24... exf2+ $11 25. Qxf2 {Qh4 is the strong threat.} Be4 $36 {[%mdl 2048] Black has the initiative.} 26. Bxe4 Nxe4 27. Qf3 $2 {[%mdl 8192]} (27. Qd4 $11 {and White stays safe.} Rxf5 28. Qxe4) 27... Qc5+ $19 {[%mdl 64] [#] Double Attack} 28. Kh1 Qxf5 29. Qxf5 Rxf5 {Accuracy: White = 16%, Black = 33%.} 0-1